000 00453nam a2200169Ia 4500
005 20250326130610.0
008 250326s9999 xx 000 0 und d
037 _aTextbook
040 _aFMSL
_beng
_cFMSL
041 _aeng
_2eng
084 _aX:51 Q2
_qFMSL
100 _aLashinsky A
_9740885
245 0 _aInside apple
_cLashinsky A
260 _aLondon
_bLondon, John Murray
_c2012
942 _cTB
_hX:51 Q2
999 _c1283255
_d1283255